000 01448nam a2200265Ia 4500
999 _c40461
_d40461
001 7071
003 GE_BSU
005 20221026145109.0
008 181216s2009||||ge |||||||||||||| ||geo||
020 _a9789941020568
040 _cGE_BSU
041 _ageo
080 _a821.353.1-13 რ-93
100 _aრუსთაველი, შოთა
_915561
245 _aვეფხისტყაოსანი /
_bტექსტი გამოსაც.მოამზადა საქ.მეცნ.ეროვნ.აკად."ვეფხისტყაოსნის"აკად.ტექსტის დამდგენმა კომისიამ:
_cშოთა რუსთაველი; თამაზ გამყრელიძე,გიორგი არაბული, ბაჩანა ბრეგაძე, და სხვ.მთ.რედ. ლევან ღვინჯილია.
264 _aთბილისი:
_bსეზანი,
_c2009.
300 _a303 გვ.;
_b27 სმ.
541 _h85ლ.
653 _aვეფხისტყაოსანი
653 _aპოემა
700 _aგამყრელიძე, თამაზ
_eრედაქტორი
_97541
700 _aარაბული, გიორგი
_eრედაქტორი
_915562
700 _aღვინჯილია, ლევან
_eრედაქტორი
_9310
942 _cBK
_2udc